1805 1224 1136 1151 1174 1402 1415 1510 1436 1984 1346 1574 1368 1901 1341 1313 1872 1260 1408 1061 1119 1690 1574 1073 1544 1819 1106 1303 1891 1885 1111 1378 1737 1992 1049 1727 1517 1704 1617 1100 1835 1051 1311 1415 1558 1434 1499 1652 1450 1380 1696 1670 1524 1303 1151 1301 1322 1927 1707 1836 1642 1935 1081 1376 1229 1031 1864 1138 1074 1529 1846 1211 1183 1802 1479 1155 1908 1261 1676 1521 1394 1832 1254 1646 1412 1555 1005 1425 1904 1078 1866 1504 1323 1763 1403 1906 1837 1054 1707 BCNSPRNW ULIB Ver.6.0+V

เปลี่ยนเป็นภาษาไทย

Change to English
 แสดงรายละเอียดบรรณานุกรม
  กลับหน้าหลัก

Brief Record : Get Marc (ISO 2709) : E-mail record : QR code < ปิดหน้าต่าง
LEADER : 00000nam 2200000uu 4500
001    13399126465
003     ULIB
008    180918s2560||||th 000 0 tha d
020    ^a9786164551732
060    ^aWY20.5^bว24ก
100    ^aวาทินี สุขมาก
245    ^aการออกแบบการวิจัยเชิงคุณภาพทางการพยาบาลจิตเวชและสุขภาพจิต/^bวาทินี สุขมาก
250    ^aพิมพ์ครั้งที่ 1
260    ^aขอนแก่น :^bคณะพยาบาลศาสตร์ มหาวิทยาลัยมหาสารคาม,^c2560
300    ^a338 หน้า
650    ^aพยาบาลจิตเวช--วิจัย
945    ^p489^l0^i26950
945    ^p489^l0^i26679
945    ^p489^l0^i26678
945    ^p489^l0^i26952
945    ^p489^l0^i26951
945    ^p489^l0^i26954
945    ^p489^l0^i26953
999    ^aกัณชพร จุลอักษร
รายการนี้ยังไม่มีแท็ก
คุณยังไม่ได้ล็อกอิน คุณสามารถมีกิจกรรมร่วมกับเว็บไซต์ได้ แต่ต้องล็อกอินก่อน ::
  ล็อกอิน

รายการสื่อสารสนเทศ

ลำดับที่ ประเภท เลขเรียก/บาร์โค้ด สถานที่ สถานะ
1. หนังสือสำรอง
หนังสือสำรอง
WY20.5 ว24ก ฉ.1 
  Barcode: 26678
ห้องสมุดวิทยาเขตนครสวรรค์
►หนังสือทั่วไป:l:General Books
บนชั้น
2. วิทยาศาสตร์การแพทย์ และสุขภาพ
วิทยาศาสตร์การแพทย์ และสุขภาพ
WY20.5 ว24ก ฉ.2 
  Barcode: 26679
ห้องสมุดวิทยาเขตนครสวรรค์
►หนังสือทั่วไป:l:General Books
บนชั้น
3. วิทยาศาสตร์การแพทย์ และสุขภาพ
วิทยาศาสตร์การแพทย์ และสุขภาพ
WY20.5 ว24ก ฉ.3 
  Barcode: 26950
ห้องสมุดวิทยาเขตนครสวรรค์
►หนังสือทั่วไป:l:General Books
บนชั้น
4. วิทยาศาสตร์การแพทย์ และสุขภาพ
วิทยาศาสตร์การแพทย์ และสุขภาพ
WY20.5 ว24ก ฉ.4 
  Barcode: 26951
ห้องสมุดวิทยาเขตนครสวรรค์
►หนังสือทั่วไป:l:General Books
บนชั้น
5. วิทยาศาสตร์การแพทย์ และสุขภาพ
วิทยาศาสตร์การแพทย์ และสุขภาพ
WY20.5 ว24ก ฉ.5 
  Barcode: 26952
ห้องสมุดวิทยาเขตนครสวรรค์
►หนังสือทั่วไป:l:General Books
บนชั้น
6. วิทยาศาสตร์การแพทย์ และสุขภาพ
วิทยาศาสตร์การแพทย์ และสุขภาพ
WY20.5 ว24ก ฉ.6 
  Barcode: 26953
ห้องสมุดวิทยาเขตนครสวรรค์
►หนังสือทั่วไป:l:General Books
บนชั้น
7. วิทยาศาสตร์การแพทย์ และสุขภาพ
วิทยาศาสตร์การแพทย์ และสุขภาพ
WY20.5 ว24ก ฉ.7 
  Barcode: 26954
ห้องสมุดวิทยาเขตนครสวรรค์
►หนังสือทั่วไป:l:General Books
บนชั้น

รายการใกล้เคียง
    ผู้แต่ง [วาทินี สุขมาก]

    หัวเรื่อง [พยาบาลจิตเวช--วิจัย]

BibComment


ยังไม่เคยถูกคอมเมนท์

คอมเมนท์ทรัพยากรรายการนี้
  คอมเมนท์: การออกแบบการวิจั..


 Copyright 2026. Bcnsprnw @Library